000 01802nam a2200277Ia 4500
003 Ost
005 20260507075408.0
008 260507s9999||||xx |||||||||||||| ||und||
020 _a3264119957
040 _cfsecg
041 _aara
082 _a340
100 _aالطراد، إسماعيل إبراهيم
_eمؤلف
245 0 _aالتشريعات المالية والمصرفية في الأردن /
_c إسماعيل إبراهيم الطراد
250 _aطبعة 4
260 _aعمان:
_bدار وائل للنشر والتوزيع,
_c2009
300 _a340 صفحة؛
_bإيضاحات ؛
_c24 سم
504 _aالمراجع ص.329
520 _aيضم قانون البنك المركزي الأردني، قانون البنوك والودائع المصرفية، الحساب الجاري، الإعتمادات المستندية، خطاب الضمان وبطاقات الإئتمان، الخصم وايجار الخزائن الحديدية، قانون الدين العام، قانون مراقبة العملة الأجنبية، قانون مراقبة أعمال الصرافة، قانون تشجيع الإستثمار، الجوانب القانونية لعمل هيئة الأوراق المالية والبورصة ومركز ايداع الأوراق المالية، الأوراق والأدوات المالية المتداولة في البورصة، قوانين مؤسسات الأقراص المتخصصة، قوانين مؤسسات ضمان المخاطر المتعلقة بالعمل المصرفي
653 _aالبنوك
653 _aالتشريع
653 _aالتشريعات -الأردن
653 _aالمالية العامة
700 _aعباد، جمعة محمود
_eمؤلف ثانوي
942 _cكتاب
999 _c44349
_d44349